Rentierstaaten und politische Systeme in öl- und gasproduzierenden Ländern

Saved in:
Bibliographic Details
Main Author: Gebhardt, Hans (Author)
Format: Chapter/Article
Language:German
Published: 2020
In: Geographie
Year: 2020, Pages: 1219
Online Access: Get full text
Author Notes:Hans Gebhardt

MARC

LEADER 00000caa a2200000 c 4500
001 1811684157
003 DE-627
005 20220820232257.0
007 tu
008 220726s2020 xx ||||| 00| ||ger c
035 |a (DE-627)1811684157 
035 |a (DE-599)KXP1811684157 
035 |a (OCoLC)1341464455 
040 |a DE-627  |b ger  |c DE-627  |e rda 
041 |a ger 
084 |a 61  |2 sdnb 
100 1 |a Gebhardt, Hans  |d 1950-  |e VerfasserIn  |0 (DE-588)132336693  |0 (DE-627)521436923  |0 (DE-576)29908339X  |4 aut 
245 1 0 |a Rentierstaaten und politische Systeme in öl- und gasproduzierenden Ländern  |c Hans Gebhardt 
264 1 |c 2020 
300 |a 1 
336 |a Text  |b txt  |2 rdacontent 
337 |a ohne Hilfsmittel zu benutzen  |b n  |2 rdamedia 
338 |a Band  |b nc  |2 rdacarrier 
773 0 8 |i Enthalten in  |t Geographie  |b 3., [überarbeitete und erweiterte] Auflage  |d Berlin : Springer, 2020  |g (2020), Seite 1219  |h XXI, 1272 Seiten  |w (DE-627)1666879096  |z 9783662583784  |z 366258378X  |7 nnam  |a Rentierstaaten und politische Systeme in öl- und gasproduzierenden Ländern 
773 1 8 |g year:2020  |g pages:1219  |g extent:1  |a Rentierstaaten und politische Systeme in öl- und gasproduzierenden Ländern 
951 |a AR 
992 |a 20220726 
993 |a BookComponentPart 
994 |a 2020 
998 |g 132336693  |a Gebhardt, Hans  |m 132336693:Gebhardt, Hans  |d 120000  |d 120700  |e 120000PG132336693  |e 120700PG132336693  |k 0/120000/  |k 1/120000/120700/  |p 1  |x j  |y j 
999 |a KXP-PPN1811684157  |e 4172829422 
BIB |a Y 
JSO |a {"name":{"displayForm":["Hans Gebhardt"]},"type":{"bibl":"chapter"},"physDesc":[{"extent":"1 S."}],"id":{"eki":["1811684157"]},"recId":"1811684157","person":[{"display":"Gebhardt, Hans","given":"Hans","family":"Gebhardt","role":"aut"}],"language":["ger"],"title":[{"title":"Rentierstaaten und politische Systeme in öl- und gasproduzierenden Ländern","title_sort":"Rentierstaaten und politische Systeme in öl- und gasproduzierenden Ländern"}],"relHost":[{"type":{"bibl":"edited-book"},"name":{"displayForm":["Hans Gebhardt, Rüdiger Glaser, Ulrich Radtke, Paul Reuber, Andreas Vött (Hrsg.)"]},"person":[{"display":"Gebhardt, Hans","given":"Hans","role":"edt","family":"Gebhardt"},{"family":"Glaser","role":"edt","display":"Glaser, Rüdiger","given":"Rüdiger"},{"display":"Radtke, Ulrich","given":"Ulrich","role":"edt","family":"Radtke"},{"display":"Reuber, Paul","given":"Paul","role":"edt","family":"Reuber"},{"family":"Vött","role":"edt","display":"Vött, Andreas","given":"Andreas"}],"recId":"1666879096","id":{"eki":["1666879096"],"isbn":["9783662583784","366258378X"]},"title":[{"subtitle":"physische Geographie und Humangeographie","title":"Geographie","title_sort":"Geographie"}],"origin":[{"dateIssuedDisp":"[2020]","editionNo":"3","dateIssuedKey":"2020","publisherPlace":"Berlin ; [Heidelberg]","publisher":"Springer","edition":"3., [überarbeitete und erweiterte] Auflage"}],"disp":"Rentierstaaten und politische Systeme in öl- und gasproduzierenden LändernGeographie","physDesc":[{"noteFormat":"28 cm x 21 cm","noteIll":"Illustrationen, Diagramme, Karten","extent":"XXI, 1272 Seiten"}],"language":["ger"],"note":["Auflagenbezeichnung dem Vorwort entnommen"],"corporate":[{"role":"pbl","display":"Springer-Verlag GmbH"}],"part":{"text":"(2020), Seite 1219","year":"2020","extent":"1","pages":"1219"}}],"origin":[{"dateIssuedKey":"2020","dateIssuedDisp":"2020"}]} 
SRT |a GEBHARDTHARENTIERSTA2020